Học và luyện ngữ pháp tiếng Anh. Giới từ và xác định /
Kaydedildi:
| Yazar: | |
|---|---|
| Materyal Türü: | Kitap |
| Dil: | English |
| Baskı/Yayın Bilgisi: |
Thế Giới,
2007.
|
| Konular: | |
| Etiketler: |
Etiketle
Etiket eklenmemiş, İlk siz ekleyin!
|
| Thư viện lưu trữ: | Mạng thư viện Đại học Đà Nẵng |
|---|
| LEADER | 00957nam a22002651a 4500 | ||
|---|---|---|---|
| 001 | 000034528 | ||
| 003 | 10727 | ||
| 005 | 20220802111334.0 | ||
| 008 | 151027s2007 000 eng | ||
| 041 | |a eng | ||
| 082 | |a 425 |b KI-A | ||
| 100 | |a Kim Anh | ||
| 245 | 0 | |a Học và luyện ngữ pháp tiếng Anh. Giới từ và xác định / |c Kim Anh. | |
| 260 | |a Thế Giới, |c 2007. | ||
| 300 | |a 154tr. : ; |c 20cm. | ||
| 650 | |a Học và luyện ngữ pháp tiếng Anh |a Giới từ và xác định |a ngữ pháp | ||
| OWN | |a LNN | ||
| AVA | |a UDN50 |b LNN |c English |d 420.4 KI-A |e available |t Error 5001 Not defined in file expand_doc_bib_avail. |f 1 |g 0 |h N |i 0 |j AN |k 1 | ||
| 999 | |a From the UDN01 | ||
| AVA | |a UDN50 |b LNN |c English |d 420.4 KI-A |e available |t Error 5001 Not defined in file expand_doc_bib_avail. |f 1 |g 0 |h N |i 0 |j AN |k 1 | ||
| TYP | |a Monograph | ||
| 980 | |a Mạng thư viện Đại học Đà Nẵng | ||